00385nam a22001337a 450000500170000000800410001704100120005808200130007010000130008324500420009626000620013830000250020065000260022520240607125555.0240607b |||||||| |||| 00| 0 eng d aEnglish a349 LAW  lEnglish  aThe All England Law Reports: Reprint  aLondon: bButterworth and Company Publishers Ltd, c1961  b776 pages; c25 cm.  aLegal practice bLaw